[Event "BL 9192 Dortmund-HSK"]
[Site "?"]
[Date "1991.??.??"]
[Round "?.4"]
[White "Mainka, R."]
[Black "Mueller, Ka"]
[Result "1/2-1/2"]
[WhiteElo "2445"]
[BlackElo "2425"]
[PlyCount "100"]
[EventDate "1991.??.??"]

1. e4 e6 2. d4 d5 3. Nc3 Nf6 4. e5 Nfd7 5. f4 c5 6. Nf3 Nc6 7. Be3 a6 8. Qd2 b5
9. dxc5 Bxc5 10. Bxc5 Nxc5 11. Qf2 Qb6 12. Bd3 b4 13. Ne2 Na4 14. b3 Qxf2+ 15.
Kxf2 Nc5 16. Ned4 Bb7 17. Nxc6 Bxc6 18. a3 Kd7 19. axb4 Nxd3+ 20. cxd3 Rhb8 21.
Nd4 Rxb4 22. Ke3 Bb7 23. Rhf1 f6 24. Rf3 Re8 25. h4 Re7 26. h5 Ke8 27. h6 g5
28. exf6 gxf4+ 29. Kxf4 e5+ 30. Kg5 Rd7 31. Ne6 e4 32. Rg3 d4 33. Kh4 e3 34.
Rg7 Rf7 35. Nc7+ Kf8 36. Ne6+ Ke8 37. Rf1 e2 38. Re1 Rxf6 39. Rxe2 Rxh6+ 40.
Kg5 Rg6+ 41. Rxg6 hxg6 42. Kxg6 Kd7 43. Nc5+ Kd6 44. Nxb7+ Rxb7 45. Kf5 Rf7+
46. Kg5 Kc5 47. Ra2 Rg7+ 48. Kf4 Rf7+ 49. Kg5 Rg7+ 50. Kf4 Rf7+ 1/2-1/2

[Event "BL 9192 Dortmund-HSK"]
[Site "?"]
[Date "1991.??.??"]
[Round "?.5"]
[White "Maus, So"]
[Black "Keitlinghaus, L."]
[Result "1-0"]
[WhiteElo "2385"]
[BlackElo "2445"]
[PlyCount "47"]
[EventDate "1991.??.??"]

1. e4 e6 2. d4 d5 3. Nc3 Nc6 4. e5 f6 5. Bb5 Bd7 6. Nf3 Qe7 7. a3 Qf7 8. O-O
Nge7 9. Re1 O-O-O 10. b4 h6 11. Qd3 g5 12. exf6 Qxf6 13. Na4 Kb8 14. Ne5 Bc8
15. Bxc6 Nxc6 16. Nxc6+ bxc6 17. Nc5 Ka8 18. Rb1 Bd6 19. Be3 Rhe8 20. Qc3 e5
21. b5 cxb5 22. Rxb5 exd4 23. Rb8+ Kxb8 24. Qb3+ 1-0

[Event "BL 9192 Dortmund-HSK"]
[Site "?"]
[Date "1991.??.??"]
[Round "?.6"]
[White "Thesing, M."]
[Black "Wegner, H."]
[Result "1-0"]
[WhiteElo "2405"]
[BlackElo "2425"]
[PlyCount "71"]
[EventDate "1991.??.??"]

1. Nf3 Nf6 2. d4 g6 3. Nc3 c5 4. d5 Bg7 5. e4 O-O 6. Be2 b5 7. e5 Ng4 8. Bxb5
Nxe5 9. Nxe5 Bxe5 10. O-O Qc7 11. h3 Ba6 12. Qe2 Bxc3 13. bxc3 Bxb5 14. Qxb5 e5
15. Bh6 Rc8 16. f4 d6 17. fxe5 dxe5 18. Rf6 Nd7 19. d6 Qc6 20. Qf1 Qd5 21. Rd1
Qxa2 22. c4 Rf8 23. Bxf8 Rxf8 24. Ra1 Qxc2 25. Rf2 Qe4 26. Rxa7 Qc6 27. Qd1 Rb8
28. Rc7 Qe4 29. Rxd7 Rb1 30. Qxb1 Qxb1+ 31. Rf1 Qd3 32. Rfxf7 Qxc4 33. Rf6 Qd4+
34. Kh2 e4 35. Re6 Kf8 36. Ree7 1-0

[Event "BL 9192 Dortmund-HSK"]
[Site "?"]
[Date "1991.??.??"]
[Round "?.7"]
[White "Reefschlaeger, H."]
[Black "Luecke, N."]
[Result "1/2-1/2"]
[WhiteElo "2400"]
[BlackElo "2390"]
[PlyCount "98"]
[EventDate "1991.??.??"]

1. e4 c5 2. f4 d5 3. Nc3 dxe4 4. Nxe4 e6 5. Nf3 Nf6 6. Nf2 g6 7. b3 Bg7 8. Bb2
O-O 9. g3 b6 10. Bg2 Bb7 11. O-O Nc6 12. Ne5 Qc7 13. Nxc6 Bxc6 14. Be5 Qb7 15.
Bxc6 Qxc6 16. c4 Rfd8 17. Qe2 Rd7 18. d3 Qc8 19. Rad1 Qd8 20. Rd2 Qe7 21. Rfd1
Rad8 22. d4 cxd4 23. Rxd4 Rxd4 24. Rxd4 Rxd4 25. Bxd4 Nd7 26. Bxg7 Kxg7 27. Nd3
Qd6 28. Qe3 a5 29. h3 Kf8 30. Kf2 h5 31. Ne5 Nc5 32. Ke2 Kg7 33. g4 f6 34. Nf3
hxg4 35. hxg4 Qc6 36. g5 Qe4 37. Qxe4 Nxe4 38. Kd3 Nc5+ 39. Kc2 Kf7 40. a3 Nd7
41. b4 axb4 42. axb4 e5 43. fxe5 fxg5 44. Kd3 g4 45. Ng5+ Ke7 46. Kd4 g3 47.
Kd5 g2 48. Nf3 g5 49. Ng1 Nb8 1/2-1/2

[Event "BL 9192 Dortmund-HSK"]
[Site "?"]
[Date "1991.??.??"]
[Round "?.8"]
[White "Stein, B."]
[Black "Heinemann, T."]
[Result "1-0"]
[WhiteElo "2355"]
[BlackElo "2405"]
[PlyCount "107"]
[EventDate "1991.??.??"]

1. e4 c5 2. Nf3 e6 3. c3 d5 4. exd5 Qxd5 5. d4 Nf6 6. Be2 Be7 7. O-O Nc6 8. c4
Qd8 9. dxc5 Qxd1 10. Rxd1 Bxc5 11. Nc3 h6 12. h3 Ke7 13. Bf4 Rd8 14. Rxd8 Nxd8
15. Rd1 Bd7 16. Ne5 Be8 17. Bf3 Rc8 18. Kf1 Bb4 19. Ne2 g5 20. Bg3 Nc6 21. a3
Ba5 22. Nxc6+ Bxc6 23. Bd6+ Ke8 24. Bxc6+ Rxc6 25. c5 Rc8 26. b4 Bc7 27. Bxc7
Rxc7 28. Nc3 a6 29. Ke2 Ke7 30. Rd6 Nd7 31. Na4 a5 32. Nb6 axb4 33. axb4 Ne5
34. Rd1 h5 35. g3 Nc6 36. Rb1 Kf6 37. Kd3 Kf5 38. Nc4 Ne5+ 39. Nxe5 Kxe5 40.
Kc4 h4 41. Re1+ Kf5 42. gxh4 gxh4 43. b5 Kf4 44. Re3 e5 45. c6 bxc6 46. b6 Rc8
47. Kc5 e4 48. b7 Rh8 49. Ra3 Rb8 50. Kxc6 Ke5 51. Kc7 Re8 52. b8=Q Rxb8 53.
Kxb8 Kd4 54. Ra5 1-0

[Event "BL 9192 Solingen-Hannover"]
[Site "?"]
[Date "1991.??.??"]
[Round "?.8"]
[White "Zysk, R."]
[Black "Oppitz, P."]
[Result "1-0"]
[WhiteElo "2400"]
[BlackElo "2240"]
[PlyCount "129"]
[EventDate "1991.??.??"]

1. d4 d5 2. Nf3 c5 3. c4 e6 4. cxd5 exd5 5. Nc3 Nc6 6. g3 Nf6 7. Bg2 Be7 8. O-O
O-O 9. Bg5 cxd4 10. Nxd4 h6 11. Be3 Re8 12. Rc1 Bf8 13. Nxc6 bxc6 14. Bd4 Bg4
15. Qa4 Ne4 16. Nxe4 dxe4 17. Rfe1 Qg5 18. Be3 Qb5 19. Qxb5 cxb5 20. h3 Bf5 21.
g4 Bg6 22. Rc6 a5 23. Bd4 f6 24. e3 Bf7 25. a3 b4 26. a4 Bb3 27. Ra1 Bd5 28.
Rc7 Rac8 29. Rac1 Rxc7 30. Rxc7 Bb3 31. Bf1 Bxa4 32. Bc4+ Kh8 33. Ra7 Bc6 34.
Ra6 Ba4 35. b3 Bd7 36. Rxa5 Bc6 37. Ra6 Ba8 38. Kf1 Rc8 39. Ke2 Kh7 40. Be6 Re8
41. Bc4 Rc8 42. Ra7 Kh8 43. Be6 Rb8 44. Rc7 Rd8 45. Rf7 Rb8 46. Bc4 Bd6 47. Rd7
Bf8 48. h4 Bc6 49. Rc7 Bb5 50. Kd2 Bd6 51. Ra7 Bxc4 52. bxc4 b3 53. Kc1 Rc8 54.
Ra4 Kh7 55. Kb2 h5 56. gxh5 Kh6 57. Kxb3 Kxh5 58. c5 Bc7 59. Kc4 Kxh4 60. Kd5
f5 61. Ke6 Bh2 62. Kxf5 Rf8+ 63. Kxe4 Rxf2 64. Bxg7 Kg5 65. Be5 1-0

[Event "BL 9192 Erfurt-Koblenz"]
[Site "?"]
[Date "1991.??.??"]
[Round "?.1"]
[White "Gurevich, M."]
[Black "Teske, H."]
[Result "0-1"]
[WhiteElo "2630"]
[BlackElo "2395"]
[PlyCount "83"]
[EventDate "1991.??.??"]

1. d4 e6 2. c4 b6 3. Nc3 Bb7 4. a3 f5 5. d5 Nf6 6. g3 a5 7. Bg2 Na6 8. Nf3 Bd6
9. O-O Qe7 10. Nb5 O-O 11. Nxd6 Qxd6 12. Bf4 Qc5 13. Rc1 Ne4 14. Nd4 Qe7 15.
Nb5 d6 16. Be3 Rae8 17. Qc2 Qf7 18. dxe6 Rxe6 19. Nd4 Re7 20. Rcd1 Qh5 21. Bc1
Nac5 22. f3 Ng5 23. Nxf5 Ref7 24. e4 a4 25. Be3 Bc6 26. Kh1 Nxf3 27. Bxf3 Nxe4
28. g4 Ng3+ 29. Kg2 Nxf5 30. gxh5 Nxe3+ 31. Kg1 Bxf3 32. Qxa4 Nxd1 33. Rxd1 Rf5
34. h4 Bxd1 35. Qxd1 h6 36. b4 Rf4 37. Qe1 Kh8 38. Qe7 R4f7 39. Qe2 Rf5 40. Qe4
R8f7 41. Qe8+ Kh7 42. Kg2 {.../57/} 0-1

[Event "BL 9192 Erfurt-Koblenz"]
[Site "?"]
[Date "1991.??.??"]
[Round "?.2"]
[White "Casper, T."]
[Black "Dizdar, G."]
[Result "1/2-1/2"]
[WhiteElo "2430"]
[BlackElo "2530"]
[PlyCount "132"]
[EventDate "1991.??.??"]

1. e4 e6 2. d4 d5 3. e5 c5 4. c3 Nc6 5. Nf3 Nge7 6. a3 Bd7 7. b4 cxd4 8. cxd4
Nf5 9. Be3 b5 10. Nbd2 a5 11. Bxb5 axb4 12. a4 Be7 13. O-O O-O 14. Qe2 Na5 15.
Rfc1 Bxb5 16. Qxb5 Rb8 17. Qa6 b3 18. Rab1 Qb6 19. Qxb6 Rxb6 20. g4 Nxe3 21.
fxe3 Rfb8 22. Rc7 Bd8 23. Rc3 Rb4 24. Kf2 h6 25. Ke2 Rxa4 26. Nxb3 Ra2+ 27. Kf1
Nc4 28. Rbc1 Rb2 29. Nc5 Ba5 30. Rd3 Ra2 31. Nb3 Ra8 32. Nxa5 R8xa5 33. Re1 Rb2
34. Re2 Ra1+ 35. Kf2 Rbb1 36. Re1 Ra2+ 37. Re2 Raa1 38. Re1 Rb2+ 39. Re2 Rxe2+
40. Kxe2 Ra2+ 41. Ke1 Ra1+ 42. Kf2 Kh7 43. h3 Ra2+ 44. Kf1 Rb2 45. Ke1 h5 46.
Kf1 Kh6 47. Rc3 f6 48. exf6 gxf6 49. Rd3 Nd6 50. Rd2 Rxd2 51. Nxd2 hxg4 52.
hxg4 Kg5 53. Ke2 Kxg4 54. Nb3 Ne4 55. Nc5 e5 56. Ne6 Ng3+ 57. Kf2 Ne4+ 58. Ke2
Ng3+ 59. Kf2 Nf5 60. dxe5 fxe5 61. Nc7 Ne7 62. Ke2 Kg5 63. Ne8 Ng8 64. Nd6 Nf6
65. e4 d4 66. Kd3 Kf4 1/2-1/2

[Event "BL 9192 Erfurt-Koblenz"]
[Site "?"]
[Date "1991.??.??"]
[Round "?.3"]
[White "Seul, G."]
[Black "Kuczynski, R."]
[Result "1/2-1/2"]
[WhiteElo "2390"]
[BlackElo "2480"]
[PlyCount "121"]
[EventDate "1991.??.??"]

1. d4 d5 2. Nf3 c6 3. Bf4 Qb6 4. Qc1 Bf5 5. e3 e6 6. Nbd2 Nf6 7. Be2 c5 8. O-O
Nc6 9. c4 Rc8 10. Nb3 Ne4 11. cxd5 exd5 12. dxc5 Nxc5 13. Nbd4 Nxd4 14. Nxd4
Bd7 15. Qd1 Be7 16. Bf3 Be6 17. Be5 O-O 18. Qe2 Nd7 19. Bg3 Nf6 20. Bh4 a6 21.
Rfd1 Rfe8 22. h3 Rc7 23. Rac1 Rec8 24. Rxc7 Rxc7 25. Nb3 Qc6 26. Rc1 Qb6 27.
Rxc7 Qxc7 28. Qd1 Qc6 29. Nd4 Qb6 30. Qc2 Qd8 31. b3 Qd7 32. Be2 h6 33. Bd3 Ne8
34. Bxe7 Qxe7 35. Qc3 Qc7 36. Qxc7 Nxc7 37. Kf1 Kf8 38. Ke2 Ke7 39. b4 Bd7 40.
Kd2 Kd6 41. Bf5 Be8 42. h4 Ne6 43. Kc3 Nxd4 44. Kxd4 g5 45. hxg5 hxg5 46. Bc2
b6 47. Bb3 Bc6 48. g3 f6 49. a4 a5 50. b5 Bd7 51. f4 Bc8 52. fxg5 fxg5 53. Bd1
Bb7 54. Bg4 Ba8 55. Bh3 Bb7 56. Bf5 Ba8 57. Bc8 Kc7 58. Bf5 Kd6 59. Bh3 Bb7 60.
Bg2 Ke6 61. Bh3+ 1/2-1/2

[Event "BL 9192 Erfurt-Koblenz"]
[Site "?"]
[Date "1991.??.??"]
[Round "?.4"]
[White "Paehtz, T."]
[Black "Brueckner, T."]
[Result "1/2-1/2"]
[WhiteElo "2465"]
[BlackElo "2405"]
[PlyCount "53"]
[EventDate "1991.??.??"]

1. d4 Nf6 2. c4 g6 3. Nc3 d5 4. Bg5 Ne4 5. Bf4 Nxc3 6. bxc3 Bg7 7. e3 c5 8. Nf3
Nc6 9. Be2 cxd4 10. cxd4 Qa5+ 11. Qd2 dxc4 12. Bxc4 O-O 13. Rb1 Bg4 14. Qxa5
Nxa5 15. Bd5 Rac8 16. O-O b6 17. Rbc1 Bd7 18. Ne5 Bxe5 19. Bxe5 Be6 20. Bxe6
fxe6 21. Bc7 Kf7 22. Rc2 Ke8 23. Rfc1 Kd7 24. g4 Nb7 25. Kg2 Nd6 26. h4 b5 27.
Bxd6 1/2-1/2

[Event "BL 9192 Erfurt-Koblenz"]
[Site "?"]
[Date "1991.??.??"]
[Round "?.5"]
[White "Wolf, V."]
[Black "Voekler, B."]
[Result "1/2-1/2"]
[WhiteElo "2320"]
[BlackElo "2370"]
[PlyCount "66"]
[EventDate "1991.??.??"]

1. e4 c5 2. Nf3 d6 3. d4 cxd4 4. Nxd4 Nf6 5. Nc3 a6 6. h3 e5 7. Nde2 Be7 8. g4
Be6 9. Bg2 Qc7 10. O-O O-O 11. Ng3 Rc8 12. g5 Ne8 13. Nf5 Bf8 14. Ne3 Nd7 15.
a4 b6 16. Qe2 Bc4 17. Nxc4 Qxc4 18. Qg4 Qe6 19. Qg3 Nc7 20. h4 Qe8 21. Bh3 Ne6
22. Be3 Rc4 23. Rfd1 Ndc5 24. Qg4 Nxa4 25. Bf1 Nxc3 26. Bxc4 Nxd1 27. Qxd1 Qc8
28. b3 b5 29. Bd5 Rb8 30. Ba7 Nf4 31. Qf3 Nxd5 32. Bxb8 Nb4 33. Ba7 Qxc2
1/2-1/2

[Event "BL 9192 Erfurt-Koblenz"]
[Site "?"]
[Date "1991.??.??"]
[Round "?.6"]
[White "Schwarz, M."]
[Black "Fritsche, L."]
[Result "1/2-1/2"]
[WhiteElo "2315"]
[BlackElo "2395"]
[PlyCount "113"]
[EventDate "1991.??.??"]

1. d4 g6 2. g3 Bg7 3. Bg2 c5 4. d5 d6 5. c4 b5 6. cxb5 a6 7. b6 Qxb6 8. Nc3 Nf6
9. Nf3 O-O 10. O-O a5 11. Re1 Nbd7 12. Rb1 Ba6 13. Bf4 Ng4 14. h3 Nge5 15. Nxe5
Nxe5 16. Qc1 Rfe8 17. Bh6 Bh8 18. Ne4 Rab8 19. Bd2 Bb7 20. Ng5 Bg7 21. Bc3 h6
22. Nf3 Nd7 23. Nd2 Nf6 24. e4 Ba6 25. b3 Nd7 26. Bf1 Bxc3 27. Qxc3 Bxf1 28.
Rxf1 Qb4 29. Qe3 e6 30. dxe6 Rxe6 31. Qxh6 Ne5 32. Rbd1 Qc3 33. Qe3 Qxe3 34.
fxe3 a4 35. bxa4 Ra8 36. Nf3 Nc4 37. Rd3 Rxa4 38. e5 Nxe5 39. Nxe5 Rxe5 40.
Rxd6 Rxe3 41. Rd8+ Kg7 42. Rd7 Rxg3+ 43. Kh2 Rga3 44. Rfxf7+ Kh6 45. Rh7+ Kg5
46. Rd5+ Kf4 47. Rf7+ Ke4 48. Rxc5 Rxa2+ 49. Kg3 R4a3+ 50. Kh4 Rh2 51. Rc4+ Ke5
52. Rff4 Raxh3+ 53. Kg5 Rg3+ 54. Rg4 Rhg2 55. Rxg3 Rxg3+ 56. Rg4 Rxg4+ 57. Kxg4
1/2-1/2

[Event "BL 9192 Erfurt-Koblenz"]
[Site "?"]
[Date "1991.??.??"]
[Round "?.7"]
[White "Weidemann, J."]
[Black "Maiwald, J."]
[Result "1/2-1/2"]
[WhiteElo "2315"]
[BlackElo "2295"]
[PlyCount "100"]
[EventDate "1991.??.??"]

1. e4 c5 2. b3 e5 3. Bb2 d6 4. Bb5+ Nd7 5. Ne2 Ngf6 6. f4 Nxe4 7. O-O Be7 8.
fxe5 dxe5 9. Bxe5 O-O 10. Bxd7 Bxd7 11. Nbc3 Bf6 12. Bxf6 Nxf6 13. d3 Bc6 14.
Qd2 Re8 15. Rf4 Qe7 16. Raf1 Qe3+ 17. Qxe3 Rxe3 18. Ng3 Rae8 19. Nf5 Re1 20.
Nh6+ Kf8 21. g4 Rxf1+ 22. Kxf1 Re7 23. Nf5 Re5 24. h3 h5 25. g5 Bd7 26. gxf6
Rxf5 27. Rxf5 Bxf5 28. h4 gxf6 29. Nd5 Kg7 30. Kf2 Be6 31. Nf4 Bg4 32. Ke3 f5
33. Nd5 f6 34. d4 cxd4+ 35. Kxd4 Kf7 36. c4 Bf3 37. Nf4 Ke7 38. b4 Kd7 39. a4
Kc7 40. a5 Kd6 41. Ke3 Bd1 42. Kd4 Bf3 43. Ng6 Bg4 44. b5 b6 45. axb6 axb6 46.
Nf4 Bf3 47. Nd3 Be2 48. Nf4 Bf3 49. Ke3 Bd1 50. Kd4 Bf3 1/2-1/2

[Event "BL 9192 Erfurt-Koblenz"]
[Site "?"]
[Date "1991.??.??"]
[Round "?.8"]
[White "Brueggemann, Joa"]
[Black "Fecht, H."]
[Result "1-0"]
[WhiteElo "2305"]
[BlackElo "2245"]
[PlyCount "65"]
[EventDate "1991.??.??"]

1. e4 c5 2. Nf3 d6 3. d4 cxd4 4. Nxd4 Nf6 5. Nc3 a6 6. Bg5 e6 7. Qe2 Be7 8.
O-O-O Nbd7 9. f4 Qc7 10. g4 O-O 11. Bg2 Rb8 12. h4 Nc5 13. e5 Ne8 14. Qe3 f6
15. exf6 Nxf6 16. Bxf6 Bxf6 17. g5 Bxd4 18. Rxd4 b5 19. Ne4 e5 20. fxe5 dxe5
21. Rd5 Nxe4 22. Bxe4 Bf5 23. Rc5 Qxc5 24. Qxc5 Bxe4 25. Rh2 Rbc8 26. Qxe5 Rf1+
27. Kd2 Rxc2+ 28. Ke3 Re1+ 29. Kf4 Rf1+ 30. Kg3 Rf3+ 31. Kg4 Rc4 32. b3 h5+ 33.
gxh6 1-0

[Event "BL 9192 Bamberg-Porz"]
[Site "?"]
[Date "1991.??.??"]
[Round "?.1"]
[White "Christiansen, L."]
[Black "Unzicker, W."]
[Result "1/2-1/2"]
[WhiteElo "2600"]
[BlackElo "2455"]
[PlyCount "90"]
[EventDate "1991.??.??"]

1. d4 Nf6 2. c4 e6 3. Nf3 d5 4. Nc3 Be7 5. Bg5 h6 6. Bh4 O-O 7. e3 b6 8. Bd3
Bb7 9. O-O Nbd7 10. Qe2 Ne4 11. Bg3 Nxc3 12. bxc3 dxc4 13. Bxc4 Nf6 14. Rac1 c5
15. Rfd1 cxd4 16. cxd4 Rc8 17. Ba6 Qd5 18. Bh4 Rfe8 19. Bxf6 Bxf6 20. h3 Red8
21. a4 Qd7 22. Bxb7 Qxb7 23. Rb1 Rd5 24. Rdc1 Rd7 25. Qb5 Rdc7 26. Rd1 Rc6 27.
Ne1 Be7 28. Nd3 Bd6 29. h4 R8c7 30. h5 Rc8 31. d5 exd5 32. Qxd5 Qe7 33. Qf5 Rc4
34. Rb5 Qh4 35. Ne5 Bxe5 36. Rxe5 Rc1 37. Qd7 Qc4 38. Rxc1 Qxc1+ 39. Kh2 Qc7
40. Qxc7 Rxc7 41. g4 Rc4 42. Kg3 Rxa4 43. Re8+ Kh7 44. Re7 Kg8 45. Re8+ Kh7
1/2-1/2

[Event "BL 9192 Bamberg-Porz"]
[Site "?"]
[Date "1991.??.??"]
[Round "?.3"]
[White "Hort, V."]
[Black "Meister, P."]
[Result "1-0"]
[WhiteElo "2545"]
[BlackElo "2410"]
[PlyCount "119"]
[EventDate "1991.??.??"]

1. e4 e6 2. d4 d5 3. e5 c5 4. c3 Nc6 5. Nf3 Qb6 6. a3 c4 7. g3 Bd7 8. Qe2 Na5
9. Nbd2 O-O-O 10. Bg2 h6 11. h4 Kb8 12. h5 Ne7 13. Nh4 g5 14. Nhf3 Bg7 15. Nh2
f6 16. exf6 Bxf6 17. Ng4 Bg7 18. Ne5 Be8 19. Rb1 Nec6 20. Ndf3 Qc7 21. Be3 Ka8
22. Nxc6 Nxc6 23. Rd1 Bf7 24. Qc2 Qd7 25. Kf1 Qe8 26. g4 Qd7 27. Qa4 Rhf8 28.
Rh3 Bg8 29. Rd2 Bh7 30. Qd1 Rf7 31. Ne1 Bf8 32. Rf3 Bd6 33. Kg1 Rdf8 34. Rxf7
Rxf7 35. Re2 Bb8 36. Bc1 Qd6 37. Re3 Qh2+ 38. Kf1 Be4 39. Rxe4 dxe4 40. Qe2 Bf4
41. Bxf4 Qxf4 42. Bxe4 Ne7 43. Bf3 Qd6 44. Qxc4 a6 45. Kg2 Nd5 46. Nd3 Rc7 47.
Qa4 Ka7 48. Qe8 Qd7 49. Qf8 Qb5 50. Be4 Qa4 51. Qxh6 Rf7 52. Qxg5 Qc2 53. Bxd5
Qxd3 54. Qg6 Qxg6 55. hxg6 Rg7 56. Be4 Kb6 57. f4 Kc7 58. f5 exf5 59. gxf5 Kd6
60. f6 1-0

[Event "BL 9192 Bamberg-Porz"]
[Site "?"]
[Date "1991.??.??"]
[Round "?.4"]
[White "Kurz, A."]
[Black "Vaganian, R."]
[Result "0-1"]
[WhiteElo "2325"]
[BlackElo "2585"]
[PlyCount "48"]
[EventDate "1991.??.??"]

1. d4 Nf6 2. Nf3 c5 3. d5 b5 4. Bg5 Bb7 5. Bxf6 exf6 6. e4 c4 7. a4 a6 8. Na3
Qb6 9. Be2 Bc5 10. O-O O-O 11. a5 Qa7 12. Qd2 Re8 13. Qf4 Bxd5 14. exd5 Rxe2
15. Nh4 Re5 16. Rae1 d6 17. Nf5 Bxf2+ 18. Qxf2 Qxf2+ 19. Kxf2 Rxf5+ 20. Kg3 Re5
21. c3 Nd7 22. Rxe5 Nxe5 23. Re1 Kf8 24. Re2 Nd3 0-1

[Event "BL 9192 Bamberg-Porz"]
[Site "?"]
[Date "1991.??.??"]
[Round "?.5"]
[White "Hickl, J."]
[Black "Bezold, M."]
[Result "1/2-1/2"]
[WhiteElo "2480"]
[BlackElo "2355"]
[PlyCount "75"]
[EventDate "1991.??.??"]

1. g3 d6 2. Bg2 e5 3. d3 Nf6 4. c4 Be7 5. Nc3 O-O 6. Nf3 Re8 7. O-O Bf8 8. Qc2
a5 9. a3 c6 10. Rb1 h6 11. b4 axb4 12. axb4 d5 13. e4 Na6 14. c5 b6 15. Na4
bxc5 16. bxc5 Bg4 17. h3 Bxf3 18. Bxf3 d4 19. Bg4 Qe7 20. Bd2 Nxg4 21. hxg4 Qe6
22. g5 hxg5 23. Bxg5 Nc7 24. Bd2 Nb5 25. Ra1 Qh3 26. Rfc1 Re6 27. Qd1 Rxa4 28.
Rxa4 Nc3 29. Rxc3 dxc3 30. Be3 Bxc5 31. Qf1 Qxf1+ 32. Kxf1 Bxe3 33. fxe3 Rg6
34. Kf2 Rd6 35. Ke2 Rg6 36. Kf2 Rf6+ 37. Ke2 Rg6 38. Kf2 1/2-1/2

[Event "BL 9192 Bamberg-Porz"]
[Site "?"]
[Date "1991.??.??"]
[Round "?.6"]
[White "Goetz, R."]
[Black "Knaak, R."]
[Result "1/2-1/2"]
[WhiteElo "2355"]
[BlackElo "2535"]
[PlyCount "121"]
[EventDate "1991.??.??"]

1. e4 e6 2. d4 d5 3. Nd2 c5 4. Ngf3 Nf6 5. exd5 exd5 6. Bb5+ Bd7 7. Bxd7+ Nbxd7
8. O-O Be7 9. dxc5 Nxc5 10. Nb3 Nce4 11. Nfd4 Qd7 12. Qf3 O-O 13. Nf5 Bd8 14.
Be3 Rc8 15. c3 a5 16. Nbd4 a4 17. a3 g6 18. Nh6+ Kh8 19. Nc2 Qe6 20. Nb4 Kg7
21. Rad1 Bc7 22. Nd3 Rfe8 23. h3 Bb6 24. Nf4 Qc6 25. Ng4 Rcd8 26. Nxf6 Nxf6 27.
Bd4 Bxd4 28. Rxd4 Re4 29. Rfd1 b5 30. R4d2 Qc4 31. Rd4 Qb3 32. R4d2 Rde8 33.
Kh2 d4 34. Nd3 Qc4 35. cxd4 Qxd4 36. Nb4 Qe5+ 37. Qg3 Re2 38. Qxe5 R8xe5 39.
Nc6 R5e4 40. f3 Rxd2 41. Rxd2 Rc4 42. Ne5 Rc5 43. Ng4 Nd5 44. Nf2 Ne3 45. Rd3
Nc4 46. b3 axb3 47. Rxb3 f5 48. Nd1 f4 49. Nb2 Nd2 50. Rb4 g5 51. h4 h6 52.
hxg5 hxg5 53. Kh3 Nf1 54. a4 bxa4 55. Nxa4 Ra5 56. Nc3 Ne3 57. Rb5 Ra1 58. Kh2
Nf1+ 59. Kh3 Ne3 60. Kh2 Nf1+ 61. Kh3 1/2-1/2

[Event "BL 9192 Bamberg-Porz"]
[Site "?"]
[Date "1991.??.??"]
[Round "?.7"]
[White "Vogt, L."]
[Black "Ramos, D."]
[Result "1-0"]
[WhiteElo "2510"]
[BlackElo "2330"]
[PlyCount "89"]
[EventDate "1991.??.??"]

1. e4 c5 2. Nf3 e6 3. d4 cxd4 4. Nxd4 a6 5. Bd3 Nc6 6. Nxc6 dxc6 7. O-O e5 8.
Nd2 Bd6 9. Nc4 Ne7 10. Be2 Bc7 11. Qxd8+ Kxd8 12. Be3 Be6 13. Rfd1+ Ke8 14.
Nd6+ Bxd6 15. Rxd6 Rd8 16. Rad1 Rxd6 17. Rxd6 Nc8 18. Rd1 Ke7 19. Bc5+ Ke8 20.
a4 f6 21. g3 g6 22. a5 Rg8 23. f4 Rg7 24. Kf2 Rd7 25. Rd3 Rxd3 26. cxd3 Kd7 27.
Ke3 Nd6 28. h4 Nf7 29. Bf3 f5 30. exf5 Bxf5 31. d4 exf4+ 32. Kxf4 Nd6 33. d5
Bd3 34. dxc6+ bxc6 35. g4 Nc4 36. b4 Nd2 37. Bg2 Bf1 38. Bh1 h5 39. gxh5 gxh5
40. Be3 Nc4 41. Bf3 Nb2 42. Bc5 Nd3+ 43. Kg5 Nxc5 44. bxc5 Bb5 45. Kf6 1-0

[Event "BL 9192 Bamberg-Porz"]
[Site "?"]
[Date "1991.??.??"]
[Round "?.8"]
[White "Stickler, A."]
[Black "Uhlmann, W."]
[Result "0-1"]
[WhiteElo "2265"]
[BlackElo "2500"]
[PlyCount "104"]
[EventDate "1991.??.??"]

1. d4 Nf6 2. c4 g6 3. Nc3 Bg7 4. Nf3 O-O 5. e4 d6 6. Be2 e5 7. O-O Nc6 8. d5
Ne7 9. b4 Nh5 10. c5 Nf4 11. Bxf4 exf4 12. Qb3 h6 13. Rad1 g5 14. e5 Nf5 15.
exd6 cxd6 16. h3 h5 17. Nh2 Nd4 18. Qc4 Nxe2+ 19. Nxe2 Re8 20. Rfe1 Bd7 21. Nd4
Rxe1+ 22. Rxe1 Qf6 23. c6 bxc6 24. dxc6 Qxd4 25. Qxd4 Bxd4 26. cxd7 Kf8 27. Nf3
Bf6 28. Rc1 Rd8 29. Rc7 g4 30. Nd2 Bd4 31. Nc4 Bb6 32. Rb7 Ke7 33. Nxb6 axb6
34. Rxb6 Kxd7 35. a4 Rc8 36. Rb7+ Ke6 37. hxg4 hxg4 38. a5 Rc1+ 39. Kh2 Rc2 40.
Kg1 g3 41. fxg3 fxg3 42. Kf1 Rf2+ 43. Kg1 Ra2 44. Kf1 d5 45. Rb6+ Ke5 46. a6
Ke4 47. Rf6 d4 48. Rxf7 Rxa6 49. Re7+ Kd3 50. Re1 Kc2 51. Re2+ Kc3 52. b5 Ra1+
0-1

[Event "BL 9192 Koblenz-Bamberg"]
[Site "?"]
[Date "1991.??.??"]
[Round "?.3"]
[White "Meister, P."]
[Black "Brueckner, T."]
[Result "1/2-1/2"]
[WhiteElo "2410"]
[BlackElo "2405"]
[PlyCount "45"]
[EventDate "1991.??.??"]

1. d4 Nf6 2. c4 g6 3. Nc3 d5 4. Nf3 Bg7 5. cxd5 Nxd5 6. e4 Nxc3 7. bxc3 c5 8.
Rb1 O-O 9. Be2 Nc6 10. d5 Ne5 11. Nxe5 Bxe5 12. Qd2 e6 13. f4 Bg7 14. c4 exd5
15. cxd5 Bd4 16. Bb2 Qh4+ 17. g3 Qe7 18. Bxd4 Qxe4 19. Kf2 Qxd4+ 20. Qxd4 cxd4
21. Rhd1 b6 22. Rxd4 Bf5 23. Rc1 1/2-1/2

[Event "BL 9192 Koblenz-Bamberg"]
[Site "?"]
[Date "1991.??.??"]
[Round "?.5"]
[White "Bezold, M."]
[Black "Fritsche, L."]
[Result "0-1"]
[WhiteElo "2355"]
[BlackElo "2395"]
[PlyCount "46"]
[EventDate "1991.??.??"]

1. e4 g6 2. Nc3 Bg7 3. g3 c5 4. Bg2 Nc6 5. d3 d6 6. Be3 Nd4 7. Qd2 Qa5 8. h3 e5
9. Nge2 Ne7 10. f3 Bd7 11. O-O O-O 12. Kh2 Rae8 13. Nxd4 cxd4 14. Nd5 Qd8 15.
Nxe7+ Qxe7 16. Bf2 f5 17. c3 Bc6 18. Rae1 f4 19. cxd4 exd4 20. gxf4 Rxf4 21.
Bg3 Rf7 22. Qb4 h5 23. Bxd6 Be5+ 0-1

[Event "BL 9192 Koblenz-Bamberg"]
[Site "?"]
[Date "1991.??.??"]
[Round "?.6"]
[White "Weidemann, J."]
[Black "Goetz, R."]
[Result "1-0"]
[WhiteElo "2315"]
[BlackElo "2355"]
[PlyCount "83"]
[EventDate "1991.??.??"]

1. e4 c5 2. c3 e6 3. d4 d5 4. e5 Nc6 5. Nf3 Nge7 6. a3 a5 7. Bd3 Nf5 8. O-O
cxd4 9. Bxf5 exf5 10. Nxd4 Qb6 11. Qd3 Nxd4 12. cxd4 Bd7 13. Nc3 Qb3 14. Qf3
Be6 15. h4 h6 16. Be3 Be7 17. Qg3 Kf8 18. Ne2 Qb6 19. Nf4 Rg8 20. h5 Rh8 21.
Rac1 Kg8 22. Nxe6 Qxe6 23. Rc7 Rb8 24. Rfc1 Bd8 25. R7c5 Bb6 26. R5c3 Kh7 27.
Qf3 Rhd8 28. Qe2 a4 29. Qb5 Ra8 30. f4 Ra5 31. Qd3 Kg8 32. g4 fxg4 33. f5 Qe7
34. Kg2 Qd7 35. Rf1 Rc8 36. f6 Rxc3 37. bxc3 Qb5 38. Qd2 Qb3 39. fxg7 Rb5 40.
Qf2 Qb2 41. Bd2 f5 42. exf6 1-0

[Event "BL 9192 Koblenz-Bamberg"]
[Site "?"]
[Date "1991.??.??"]
[Round "?.7"]
[White "Ramos, D."]
[Black "Fecht, H."]
[Result "1/2-1/2"]
[WhiteElo "2330"]
[BlackElo "2245"]
[PlyCount "91"]
[EventDate "1991.??.??"]

1. e4 c5 2. Nc3 d6 3. g3 g6 4. Bg2 Bg7 5. d3 Nc6 6. Be3 Nf6 7. h3 O-O 8. Qd2
Nd4 9. Nf3 e5 10. Nh4 Nh5 11. Nd5 Bd7 12. O-O Ne6 13. Nf3 f5 14. exf5 gxf5 15.
Bh6 f4 16. Bxg7 Kxg7 17. g4 Nf6 18. Nxf6 Qxf6 19. Rfe1 Bc6 20. c3 Rae8 21. Rab1
Re7 22. b4 Rfe8 23. bxc5 Nxc5 24. d4 Ne4 25. Qc2 Nxf2 26. dxe5 dxe5 27. Qxf2
Bxf3 28. Bxf3 e4 29. Bxe4 Rxe4 30. Rxb7+ R8e7 31. Rxe7+ Rxe7 32. Rxe7+ Qxe7 33.
Qd4+ Kg6 34. Qxf4 Qe1+ 35. Kg2 Qxc3 36. Qf5+ Kg7 37. Qd7+ Kg6 38. Qxa7 Qc6+ 39.
Kf2 Qc2+ 40. Kf3 Qd1+ 41. Kf4 Qf1+ 42. Kg3 Qd3+ 43. Kf4 Qf1+ 44. Kg3 Qd3+ 45.
Kh4 Qd8+ 46. Kg3 1/2-1/2

[Event "BL 9192 Koblenz-Bamberg"]
[Site "?"]
[Date "1991.??.??"]
[Round "?.8"]
[White "Reschke, S."]
[Black "Stickler, A."]
[Result "0-1"]
[WhiteElo "2310"]
[BlackElo "2265"]
[PlyCount "68"]
[EventDate "1991.??.??"]

1. Nf3 c5 2. c4 Nf6 3. g3 b6 4. Bg2 Bb7 5. O-O e6 6. b3 d6 7. d4 cxd4 8. Qxd4
Nbd7 9. Nc3 a6 10. Ng5 Bxg2 11. Kxg2 Qc7 12. Nge4 Be7 13. Rd1 Nxe4 14. Nxe4 Qc6
15. Kg1 O-O 16. Bg5 f6 17. Be3 Rfd8 18. Rac1 Nc5 19. Nc3 Rac8 20. Qh4 Qb7 21.
Rd4 b5 22. b4 Nd7 23. cxb5 axb5 24. Bd2 Ne5 25. Qh3 f5 26. Qg2 d5 27. a4 bxa4
28. b5 Nc4 29. Nxd5 exd5 30. Rdxc4 Rxc4 31. Rxc4 Qxb5 32. Rc1 Ba3 33. Re1 Bb2
34. Qf3 d4 0-1